Enfants à protéger, parents à aider deux univers à rapprocher /
Comment les problématiques adultes comme la toxicomanie, la maladie mentale, la déficience intellectuelle ou la violence influencent-elles les relations parent-enfant ? Quelles sont les interventions concertées les plus prometteuses et efficaces? Comment concilier règle juridique, souci éthique...
| Clasificación: | Libro Electrónico |
|---|---|
| Autor Corporativo: | |
| Otros Autores: | , , |
| Formato: | Electrónico eBook |
| Idioma: | Francés Inglés |
| Publicado: |
Québec [Que.] :
Presses de l'Université du Québec,
2007.
|
| Colección: | Collection Problèmes sociaux & interventions sociales ;
24. |
| Temas: | |
| Acceso en línea: | Texto completo |
MARC
| LEADER | 00000cam a2200000 a 4500 | ||
|---|---|---|---|
| 001 | JSTOR_ocn417072521 | ||
| 003 | OCoLC | ||
| 005 | 20231005004200.0 | ||
| 006 | m o d | ||
| 007 | cr cn||||||||| | ||
| 008 | 061120s2007 quca ob 100 0 fre d | ||
| 040 | |a CN3HA |b eng |e pn |c CN3HA |d OCLCQ |d N$T |d OCLCQ |d E7B |d OCLCQ |d OCLCO |d OCLCQ |d P@U |d OCLCO |d DEBSZ |d YDXCP |d OCLCQ |d AGLDB |d CNKUC |d CSAIL |d OCLCF |d VNS |d CUY |d OCLCQ |d VTS |d LHU |d CANPU |d M8D |d BRX |d UKSSU |d JSTOR |d SDF |d OCLCO |d LA0 |d OCLCQ |d OCLCO | ||
| 019 | |a 289101440 |a 904611402 |a 973040770 |a 973172248 |a 1061042901 |a 1078844205 |a 1082206836 |a 1086964674 |a 1154925332 | ||
| 020 | |a 9781435683129 |q (electronic bk.) | ||
| 020 | |a 1435683129 |q (electronic bk.) | ||
| 020 | |a 9782760519251 | ||
| 020 | |a 2760519252 | ||
| 020 | |a 2760514676 | ||
| 020 | |a 9782760514676 | ||
| 024 | 8 | |a ebr10226218 | |
| 029 | 1 | |a AU@ |b 000051426179 | |
| 029 | 1 | |a DEBBG |b BV043106277 | |
| 029 | 1 | |a DEBSZ |b 422070440 | |
| 035 | |a (OCoLC)417072521 |z (OCoLC)289101440 |z (OCoLC)904611402 |z (OCoLC)973040770 |z (OCoLC)973172248 |z (OCoLC)1061042901 |z (OCoLC)1078844205 |z (OCoLC)1082206836 |z (OCoLC)1086964674 |z (OCoLC)1154925332 | ||
| 037 | |a 22573/ctv18mxck8 |b JSTOR | ||
| 041 | 0 | |a fre |a eng | |
| 050 | 4 | |a HV697 |b .C346 2005eb | |
| 055 | 1 | 1 | |a HV697 |
| 055 | 1 | 3 | |a HV697 |b C346 2005 |
| 055 | 1 | 0 | |a HV697 |b C346 2005 |
| 072 | 7 | |a POL |x 019000 |2 bisacsh | |
| 072 | 7 | |a POL |x 027000 |2 bisacsh | |
| 072 | 7 | |a SOC |x 051000 |2 bisacsh | |
| 082 | 0 | 4 | |a 362.82/8 |2 22 |
| 049 | |a UAMI | ||
| 110 | 2 | |a Centre of Excellence for Child Welfare. |b Symposium |n (6th : |d 2005 : |c Montréal, Québec) | |
| 245 | 1 | 0 | |a Enfants à protéger, parents à aider |h [ressource électronique] : |b deux univers à rapprocher / |c sous la direction de Claire Chamberland, Sophie Léveillé, Nico Trocmé. |
| 260 | |a Québec [Que.] : |b Presses de l'Université du Québec, |c 2007. | ||
| 300 | |a 1 online resource (lxxviii, 398 pages) : |b illustrations | ||
| 336 | |a text |b txt |2 rdacontent | ||
| 337 | |a computer |b c |2 rdamedia | ||
| 338 | |a online resource |b cr |2 rdacarrier | ||
| 490 | 1 | |a Collection Problèmes sociaux & interventions sociales ; |v 24 | |
| 500 | |a Textes présentés lors du 6e Symposium du Centre d'excellence pour la protection et le bien-être des enfants tenu à Montréal en mai 2005. Cf. P. [1]. | ||
| 504 | |a Comprend des réf. bibliogr. | ||
| 546 | |a Textes en français et en anglais. | ||
| 588 | 0 | |a Print version record. | |
| 505 | 0 | |a TABLE DES MATIÈRES; Liste des figures; Liste des tableaux; Introduction; Partie 1 LES GRANDS PRINCIPESDE GESTION DE L'EAU :INNOVATIONS ET CONTROVERSES; Chapitre 1 La politique de l'eau en France(1964-2004) : un bilan discutable; Chapitre 2 La politique nationale de l'eaudu Québec de 2002: une oeuvre inachevée; Chapitre 3 La gestion de l'eau par bassin versantaux États-Unis : entre incitatifslégislatifs et intérêts des usagers; Chapitre 4 La politique communautaire dansle domaine de l'eau et l'applicationdu principe pollueur payeur en France | |
| 505 | 8 | |a Partie 2 LA PLANIFICATION HYDROLOGIQUEET LA RÉFORME DES INSTITUTIONSChapitre 5 La planification hydrologiqueet le développement durableen Europe occidentale :une comparaison France-Espagne; Chapitre 6 La réforme des systèmesd'irrigation en Chine :fondements et applications; Chapitre 7 La coopération transfrontalièrepour la gestion locale de l'eauet des inondations: l'expérience du bassinde la Semois/Semoy (France/Belgique); Chapitre 8 Quand territorialisation rimeavec fragmentation : les enjeuxterritoriaux autour de la réformede la politique de l'eau au Liban | |
| 505 | 8 | |a Partie 3 DU PRINCIPE DE PARTICIPATIONÀ CELUI DE GOUVERNANCELOCALE DE L'EAUChapitre 9 La gestion de l'eau dansles agglomérations de l'Ouest américain :Les autorités locales et régionalesprivilégient toujours une gestioncloisonnée en attendant la crise; Chapitre 10 La gestion locale des inondationset l'annonce des crues :exemple d'une approcheparticipative au Cambodge; Chapitre 11 La gestion de l'eau dans le bassin du Niger :sur la voie d'une gestion plus concertée; Chapitre 12 La politique de l'eau au Brésil:les limites de la gouvernance | |
| 505 | 8 | |a Chapitre 13 Le potentiel hydraulique et sa miseen valeur en Moldavie roumaineChapitre 14 La formation des organismesde bassin au Québec : le cas du lacTaureau, du COGEBY et du COBARIC; Chapitre 15 Les crises hydrauliques et la gestionsociale des risques : illustrationsen Tunisie et au Maroc; Conclusion; Notices biographiques | |
| 520 | |a Comment les problématiques adultes comme la toxicomanie, la maladie mentale, la déficience intellectuelle ou la violence influencent-elles les relations parent-enfant ? Quelles sont les interventions concertées les plus prometteuses et efficaces? Comment concilier règle juridique, souci éthique et objectifs cliniques? Quelles pratiques organisationnelles favoriseront l'établissement de réseaux cohérents et de systèmes d'aide efficaces? | ||
| 590 | |a JSTOR |b Books at JSTOR Demand Driven Acquisitions (DDA) | ||
| 590 | |a JSTOR |b Books at JSTOR All Purchased | ||
| 650 | 0 | |a Dysfunctional families |x Services for |x Moral and ethical aspects |v Congresses. | |
| 650 | 0 | |a Family violence |v Congresses. | |
| 650 | 0 | |a Parents |x Services for |v Congresses. | |
| 650 | 0 | |a Child welfare |v Congresses. | |
| 650 | 0 | |a Dysfunctional families |x Services for |v Congresses. | |
| 650 | 2 | |a Child Welfare | |
| 650 | 6 | |a Familles inadaptées, Services aux |x Aspect moral |v Congrès. | |
| 650 | 6 | |a Violence familiale |v Congrès. | |
| 650 | 6 | |a Parents |x Services |v Congrès. | |
| 650 | 6 | |a Protection de l'enfance |v Congrès. | |
| 650 | 6 | |a Familles inadaptées, Services aux |v Congrès. | |
| 650 | 7 | |a POLITICAL SCIENCE |x Public Policy |x Social Services & Welfare. |2 bisacsh | |
| 650 | 7 | |a POLITICAL SCIENCE |x Public Policy |x Social Security. |2 bisacsh | |
| 650 | 7 | |a SOCIAL SCIENCE |x Violence in Society. |2 bisacsh | |
| 650 | 7 | |a Child welfare |2 fast | |
| 650 | 7 | |a Dysfunctional families |x Services for |2 fast | |
| 650 | 7 | |a Family violence |2 fast | |
| 650 | 7 | |a Parents |x Services for |2 fast | |
| 655 | 6 | |a Livres électronique. | |
| 655 | 7 | |a Conference papers and proceedings |2 fast | |
| 700 | 1 | |a Léveillé, Sophie, |d 1963- | |
| 700 | 1 | |a Chamberland, Claire, |d 1953- | |
| 700 | 1 | |a Trocmé, Nicolas Maurice, |d 1959- | |
| 776 | 0 | 8 | |i Print version: |a Centre of Excellence for Child Welfare. Symposium (6th : 2005 : Montréal, Québec). |t Enfants à protéger, parents à aider. |d Québec : Presses de l'Université du Québec, ©2007 |z 9782760514676 |z 2760514676 |w (DLC) 2007390000 |w (OCoLC)76800534 |
| 830 | 0 | |a Collection Problèmes sociaux & interventions sociales ; |v 24. | |
| 856 | 4 | 0 | |u https://jstor.uam.elogim.com/stable/10.2307/j.ctv18pgrt6 |z Texto completo |
| 936 | |a BATCHLOAD | ||
| 938 | |a EBSCOhost |b EBSC |n 246005 | ||
| 938 | |a Project MUSE |b MUSE |n muse20418 | ||
| 938 | |a YBP Library Services |b YANK |n 2923999 | ||
| 994 | |a 92 |b IZTAP | ||


